Normal view MARC view
  • Artillery, Field and mountain

Entry Topical Term

Number of records used in: 1

001 - CONTROL NUMBER

  • control field: 50383

003 - CONTROL NUMBER IDENTIFIER

  • control field: NUST

005 - DATE AND TIME OF LATEST TRANSACTION

  • control field: 20210314134621.0

008 - FIXED-LENGTH DATA ELEMENTS

  • fixed length control field: 210314|| aca||aabn | a|a d

040 ## - CATALOGING SOURCE

  • Original cataloging agency: NUST
  • Transcribing agency: NUST

150 ## - HEADING--TOPICAL TERM

  • Topical term or geographic name entry element: Artillery, Field and mountain

670 ## - SOURCE DATA FOUND

  • Source citation: Work cat.: (NUST): Bishop, Harry Gore, 50382, Field artillery, the king of battles, 1935.
© 2023 Central Library, National University of Sciences and Technology. All Rights Reserved.